| 000 | 01799nam a2200421 a 4500 | ||
|---|---|---|---|
| 001 | ebr10513553 | ||
| 003 | CaPaEBR | ||
| 006 | m u | ||
| 007 | cr cn||||||||| | ||
| 008 | 110901s2011 inua sb 001 0 eng d | ||
| 010 | _z 2011035528 | ||
| 020 | _z9781575062204 (hardback alk. paper) | ||
| 020 | _z9781575066578 (e-book) | ||
| 040 |
_aCaPaEBR _cCaPaEBR |
||
| 035 | _a(OCoLC)774282690 | ||
| 043 | _aa-iq--- | ||
| 050 | 1 | 4 |
_aPJ3837.T5 _bT34 2011eb |
| 082 | 0 | 4 |
_a492/.1 _222 |
| 100 | 1 | _aTadmor, Hayim. | |
| 245 | 1 | 4 |
_aThe royal inscriptions of Tiglath-pileser III (744-727 BC) and Shalmaneser V (726-722 BC), kings of Assyria _h[electronic resource] / _cHayim Tadmor and Shigeo Yamada ; with the editorial assistance of Jamie Novotny. |
| 260 |
_aWinona Lake, Ind. : _bEisenbrauns, _c2011. |
||
| 300 |
_axxix, 211 p. : _bill. |
||
| 490 | 1 |
_aThe royal inscriptions of the Neo-Assyrian Period ; _vv. 1 |
|
| 504 | _aIncludes bibliographical references and index. | ||
| 533 |
_aElectronic reproduction. _bPalo Alto, Calif. : _cebrary, _d2012. _nAvailable via World Wide Web. _nAccess may be limited to ebrary affiliated libraries. |
||
| 600 | 0 | 0 |
_aTiglath-pileser _bIII, _cKing of Assyria, _dd. 727 B.C. |
| 600 | 0 | 0 |
_aShalmaneser _bV, _cKing of Assyria, _dd. 722 B.C. |
| 650 | 0 | _aCuneiform inscriptions, Akkadian. | |
| 650 | 0 |
_aAkkadian language _vTexts. |
|
| 651 | 0 |
_aAssyria _xHistory _vSources. |
|
| 651 | 0 |
_aAssyria _xKings and rulers. |
|
| 655 | 7 |
_aElectronic books. _2local |
|
| 700 | 1 | _aYamada, Shigeo. | |
| 700 | 1 | _aNovotny, Jamie R. | |
| 710 | 2 | _aebrary, Inc. | |
| 830 | 0 |
_aRoyal inscriptions of the neo-Assyrian period ; _vv. 1. |
|
| 856 | 4 | 0 |
_uhttp://site.ebrary.com/lib/rucke/Doc?id=10513553 _zAn electronic book accessible through the World Wide Web; click to view |
| 999 |
_c117903 _d117903 |
||